| 000 | 00733cam a2200229 a 4500 | ||
|---|---|---|---|
| 001 | 4852845 | ||
| 005 | 20180110071841.0 | ||
| 008 | 910906s1992 ilua 001 0 eng | ||
| 010 | _a 91035192 | ||
| 020 |
_a0844233587 : _c$49.95 |
||
| 040 |
_aDLC _cDLC _dDLC |
||
| 041 | _aeng | ||
| 080 | _a658.802 | ||
| 082 | 0 | 0 |
_a658.802 HIE _220 |
| 100 | 1 | _a60 | |
| 101 | _aMKT | ||
| 245 | 1 | 4 |
_aThe 1-day marketing plan : _cRoman G. Hiebing, Jr., Scott W. Cooper. |
| 740 | 0 | _aOne-day marketing plan. | |
| 906 |
_a7 _bcbc _corignew _d1 _eocip _f19 _gy-gencatlg |
||
| 942 |
_2ddc _cBK |
||
| 999 |
_c39986 _d39986 |
||